| 000 | nam a22 7a 4500 | ||
|---|---|---|---|
| 999 |
_c15975 _d15975 |
||
| 008 | 161107b xxu||||| |||| 00| 0 eng d | ||
| 020 | _a0898940001 | ||
| 020 | _a9780898940008 | ||
| 050 | _aLB 2806 .M33 1983 | ||
| 100 | _aMcAshan, H. H. | ||
| 245 |
_aComprehensive planning for school administrations/ _cH. H. McAshan |
||
| 260 |
_bAdvocate Pub. Group, _c 1983. |
||
| 300 |
_a206p. : _bill. ; _c23cm. |
||
| 500 | _aIncludes bibliography. | ||
| 650 | _aEducational planning. | ||
| 650 | _a System design. | ||
| 650 | _aSystem analysis. | ||
| 942 |
_2lcc _cBOOKS _hLB 2806 .M33 1983 |
||